000 00366nam a2200145Ia 4500
008 150201s2001 xx 000 0 und d
082 _a617.525
_bC2001S
100 _aSAMICHUKOR,MIKHAIL L.
245 _aCRANIOFACIAL DISTRACTION OSTEOGENSIS
250 _a1ST
260 _bMOSBY
_aNEW DELHI
_c2001
300 _a1-634
650 _aORAL SURGERY
942 _2ddc
_cBK
_01
999 _c3706
_d3706